Statistics for American Junk Food Brands #1

Click here to take the quiz!

General Stats

  • This quiz has been taken 45,811 times
    (27,205 since last reset)
  • The average score is 13 of 24

Answer Stats

DescriptionBrand% Correct
Cookie that can be "double-stuffed"Oreo
99%
Popular hazelnut spreadNutella
85%
Leprechaun's cerealLucky Charms
83%
Cream-filled yellow cake that
supposedly never spoils
Twinkie
77%
Most popular brand of toaster pastriesPop-Tarts
77%
Break me off a piece of that ...Kit-Kat
73%
Chip with r-r-ridgesRuffles
69%
Cereal that is "grr-eat", just not great for youFrosted Flakes
68%
These fake onion rings are "fun"Funyuns
65%
They're just like Red VinesTwizzlers
62%
Candy bar unofficially name
for a baseball slugger
Baby Ruth
59%
What would you do for this ice cream treat?Klondike
59%
Straw filled with sugar-like substancePixy Stix
52%
Spicy version of Mike and IkesHot Tamales
51%
Cheese-dusted "seafood" crackersGoldfish
46%
Candy eaten by E.T.Reese's Pieces
43%
Similar to the above, but with an icing packetToaster Strudel
43%
Once you pop, you will develop
a dangerous addiction
Pringles
39%
"Thin" crackers that might make you fatWheat Thins
37%
Sometimes you feel like a nutAlmond Joy
30%
Heart-shaped Valentines candies
with corny messages
Sweethearts
30%
Macho Man says snap into this
mechanically-separated chicken product
Slim Jim
27%
Hershey bar plus crisped riceKrackel
24%
Yar matey, this be a
puffed rice and corn snack
Pirate's Booty
21%

Score Distribution

Percentile by Number Answered

Percent of People with Each Score

Your Score History

You have not taken this quiz since the last reset